All Civets - Statistics

General Stats
  • This quiz has been taken 11 times
  • The average score is 13 of 36
Answer Stats
Genus Species Common Name % Correct
Arctictis binturong Binturong
86%
Civettictis civetta African Civet
71%
Genetta genetta Common Genet
71%
Chrotogale owstoni Owston's Palm Civet
71%
Genetta angolensis Angolan Genet
57%
Genetta abyssinica Ethiopian Genet
57%
Diplogale hosei Hose's Palm Civet
57%
Viverra zibetha Large Indian Civet
57%
Genetta servalina Servaline Genet
57%
Viverricula indica Small Indian Civet
57%
Genetta piscivora Aquatic Genet
43%
Paradoxurus hermaphroditus Asian Palm Civet
43%
Paradoxurus jerdoni Brown Palm Civet
43%
Poiana richardsonii Central-African Oyan
43%
Genetta johnstoni Johnston's Genet
43%
Genetta pardina Pardine Genet
43%
Poiana leightoni West-African Oyan
43%
Genetta bourloni Bourlon's Genet
29%
Genetta tigrina Cape Genet
29%
Genetta cristata Crested Genet
29%
Viverra megaspila Large-Spotted Civet
29%
Viverra civettina Malabar Civet
29%
Paguma larvata Masked palm Civet
29%
Cynogale bennettii Otter Civet
29%
Genetta maculata Rusty-Spotted Genet
29%
Genetta schoutedeni Schouteden's Genet
29%
Macrogalidia musschenbroekii Sulawesi Palm Civet
29%
Genetta victoriae Giant Genet
14%
Paradoxurus zeylonensis Golden Palm Civet
14%
Genetta thierryi Hausa Genet
14%
Genetta poensis King Genet
14%
Genetta letabae Letaba Genet
14%
Viverra tangalunga Malayan Civet
14%
Genetta felina Southern Small-Spotted Genet
14%
Hemigalus derbyanus Banded Palm Civet
0%
Arctogalidia trivirgata Small-Toothed Palm Civet
0%
No matching quizzes found
Score Distribution
Percent of People with Each Score
Percentile by Number Answered
Your Score History
You have not taken this quiz